000
00250nam a2200109Ia 4500
008
220204s9999 xx 000 0 und d
082
_a
82-3
_b
JON
100
_a
James
245
0
_a
From here to eternity
260
_a
New York
_b
Avon
_c
1975
942
_c
BK
999
_c
33491
_d
33491